000 01131nam a22003257a 4500
003 CHAP
005 20220329141104.0
008 971013s1987 r 00010 d
010 _a62419
011 _a63391
035 _a67567
040 _cCHAP
090 _aFolleto 11499
100 0 0 _aTrujillo Campos, Alberto.
_9115395
245 _aGuía para cultivar maíz de riego en el estado de Morelos
260 _aZacatepec, Mor. :
_bINIFAP. Campo Experimental Zacatepec,
_c1987
300 _a11 p.
_b: ilus.
490 _aINIFAP. Campo Experimental Zacatepec. Folleto para productor
_v; 11
590 _aBATCH-UPD
_b10
_c20130110
_lUCH01
_h0212
590 _aBATCH-UPD
_b10
_c20130110
_lUCH01
_h2256
590 _aBATCH-UPD
_b10
_c20130409
_lUCH01
_h2229
590 _aBATCH-UPD
_b10
_c20130914
_lUCH01
_h1754
590 _aCONVERSION
_b10
_c20130109
_lUCH01
_h1333
650 1 4 _aMaíz
_xIrrigación.
_970998
650 1 4 _aMaíz
_xMorelos.
_971022
830 0 _aINIFAP. Campo Experimental Zacatepec. Folleto para productor
_v; 11
_958696
901 _aBK
942 _cFOLL
949 _aFolleto 11499
_bBC
_cFOLL
_d-152904
_eTS1
_i67567
_si
999 _c62419
_d62419